00508 a2200157 4500003000500000005001700005040000900022082001200031100004500043245007200088260002800160300001000188942001200198999001900210952012100229Nust20230210123736.0 cNust a955,IND aLT, General RK Jasber Singh, PVSM998453 aIndian Defence 2002 Yearbook /cLt, General RK Jasbir Singh, PVSM afrance bAVI-OIl c2002 a637p; 2ddccBK c194049d194049 00102ddc4070aMCSbMCScGENd2016-12-12o955,INDpMCS28771r2016-12-08w2016-12-12yBKzAlmirah No.62, Shelf No.4